| 000 | 00623nam a22001937a 4500 | ||
|---|---|---|---|
| 005 | 20251108164158.0 | ||
| 008 | 250721s1996 xx 000 0 ara d | ||
| 082 | 1 | 4 | _a342.73/كام |
| 100 | 1 | _aكامن، مايكل | |
| 245 | 1 | 0 |
_aآلة تعمل من تلقاء ذاتها : _bالدستور في الثقافه الأمريكيه / |
| 264 | 1 |
_aعمان : _bدار الفارس، _c1996. |
|
| 300 | _a639ص | ||
| 650 | 1 | 7 | _aالولايات المتحدة |
| 650 | 1 | 7 | _aالقانون الدستوري |
| 650 | 1 | 7 | _aالتاريخ |
| 700 | 1 |
_aظاهر، أحمد _eترجمة |
|
| 942 |
_2ddc _cBK |
||
| 999 |
_c5612 _d5612 |
||